[Event "RUS-Cup06"]
[Site "Nizhnij Novgorod"]
[Date "1998.07.04"]
[Round "6"]
[White "Isanbaev, Ramil"]
[Black "Komliakov, Viktor"]
[Result "1/2-1/2"]
[WhiteElo "2320"]
[BlackElo "2510"]

1.e4 d6 2.d4 Nf6 3.Nc3 c6 4.Nf3 Bg4 5.h3 Bh5 6.Be3 e6 7.Bd3 d5 8.e5 Nfd7
9.g4 Bg6 10.Ne2 c5 11.Bxg6 hxg6 12.c3 Nc6 13.Ng5 Be7 14.f4 cxd4 15.cxd4 Qb6
16.Qb3 Qa6 17.Nc3 Qd3 18.Nd1 Bb4+ 19.Kf2 Qxb3 20.axb3 Nb6 21.Nc3 a6 22.Nf3 Rc8
23.Rac1 Kd7 24.Ke2 Na5 25.Nd2 Rc7 26.Kd3 Be7 27.h4 Nc8 28.Bf2 Nc6 29.Ke2 Nb4
30.Rh3 Na7 31.Rch1 Nb5 32.Ndb1 Rcc8  1/2-1/2

[Event "SVK-ch"]
[Site "Prievidza"]
[Date "1998.07.04"]
[Round "8.21"]
[White "Kovacik, Emil"]
[Black "Krajnak, Martin"]
[Result "1-0"]
[WhiteElo "2133"]
[BlackElo "2290"]

1.e4 c6 2.d4 d6 3.Nc3 Nf6 4.f4 Qa5 5.Bd3 e5 6.Nf3 Bg4 7.Be3 Nbd7 8.Qd2 Bxf3
9.gxf3 O-O-O 10.a3 exf4 11.Bxf4 d5 12.O-O Nh5 13.b4 Qb6 14.Be3 Ndf6 15.e5 Nd7
16.b5 Qa5 17.bxc6 bxc6 18.Rfb1 Nb6 19.Rb3 Be7 20.Rab1 Kd7 21.Qg2 Ke8 22.Nb5 Nc4
23.Nd6+ Nxd6 24.exd6 Bxd6 25.Bg5 f6 26.Qg4 Kf7 27.Bd2 Qxd2 28.Rb7+ Be7 29.Qxh5+ g6
30.Qh4 h5 31.Qg3 g5 32.Re1 Rhe8 33.Re2 Qc1+ 34.Kg2 Qxa3 35.Qh3 h4 36.Qf5 Rd6
37.Qh7+ Kf8 38.Qh8+ Kf7 39.Qh7+ Kf8 40.Qh8+ Kf7 41.Rexe7+ Rxe7 42.Qh7+ Ke6
43.Qxe7+  1-0

[Event "SVK-ch"]
[Site "Prievidza"]
[Date "1998.07.04"]
[Round "8.39"]
[White "Banas, Kamil"]
[Black "Zapletal, Jiri"]
[Result "1/2-1/2"]
[WhiteElo "2035"]
[BlackElo "2185"]

1.e4 d6 2.d4 Nf6 3.Nc3 e5 4.dxe5 dxe5 5.Qxd8+ Kxd8 6.Bg5 Bd6 7.O-O-O a6 8.Bc4 Be6
9.Bxe6 fxe6 10.f3 Ke7  1/2-1/2

[Event "NOR-ch"]
[Site "Oslo"]
[Date "1998.07.05"]
[Round "2"]
[White "Trygstad, Kristian"]
[Black "Madsen, Dag"]
[Result "1-0"]
[WhiteElo "2205"]
[BlackElo "2275"]

1.e4 d6 2.Nc3 Nf6 3.d4 e5 4.Nf3 Nbd7 5.Bc4 Be7 6.O-O O-O 7.Qe2 exd4 8.Nxd4 Ne5
9.Bb3 c5 10.Nf5 Bxf5 11.exf5 Qd7 12.Nd5 Nxd5 13.Bxd5 Bf6 14.c3 Rae8 15.Qh5 Nd3
16.Qf3 Nxc1 17.Raxc1 Re5 18.g4 Qb5 19.Rc2 Rfe8 20.c4 Qa5 21.Qg3 Re1 22.g5 Rxf1+
23.Kxf1 Qe1+ 24.Kg2 Be5 25.Qf3 Qb1 26.Re2 g6 27.Bxf7+ Kxf7 28.fxg6+ Kxg6
29.Rxe5 Rxe5 30.Qf6+ Kh5 31.Qh6+ Kg4 32.h3+  1-0

[Event "St Veit op 17th"]
[Site "St Veit"]
[Date "1998.07.15"]
[Round "5"]
[White "Mazi, Leon"]
[Black "Kiss, Attila"]
[Result "0-1"]
[WhiteElo "2420"]
[BlackElo "2405"]

1.e4 d6 2.d4 Nf6 3.Nc3 Nbd7 4.Nf3 e5 5.Bc4 Be7 6.O-O O-O 7.a4 c6 8.Re1 b6
9.d5 cxd5 10.Bxd5 Nxd5 11.Nxd5 Bb7 12.c4 Rc8 13.b3 Nc5 14.Ra2 Bxd5 15.exd5 a5
16.Rae2 Rc7 17.Be3 f5 18.Qc2 g6 19.Nd2 Bg5 20.Bxg5 Qxg5 21.Nb1 e4 22.Re3 f4
23.Rh3 Re7 24.Nc3 Nd3 25.Rf1 f3 26.Rg3 Qf5 27.gxf3 exf3 28.h4 Nf4 29.Qxf5 Rxf5
30.Rxf3 Ne2+ 31.Nxe2 Rxf3 32.Nd4 Rd3 33.Nb5 Rxb3 34.Nxd6 Rb4 35.Rd1 Kf8 36.Nc8 Rc7
37.Nd6 Rxa4 38.Re1 Re7 39.Rd1 Rb4 40.Rd4 a4  0-1

[Event "Szeged TT07 IM"]
[Site "Szeged"]
[Date "1998.07.24"]
[Round "9"]
[White "Farkas, Tibor"]
[Black "Ianov, Viktor"]
[Result "1/2-1/2"]
[WhiteElo "2275"]
[BlackElo "2350"]

1.e4 d6 2.d4 Nf6 3.Nc3 e5 4.dxe5 dxe5 5.Qxd8+ Kxd8 6.Bc4 Be6 7.Bxe6 fxe6
8.Be3 a6 9.f3 Nbd7 10.Nh3 Bb4 11.Nf2 Ke7 12.Nd3 Bd6 13.Na4 b5 14.Nac5 Nxc5
15.Nxc5 Bxc5 16.Bxc5+ Kf7 17.O-O-O Rad8 18.Rxd8 Rxd8 19.Rd1  1/2-1/2

[Event "Oberwart op"]
[Site "Oberwart"]
[Date "1998.07.27"]
[Round "3"]
[White "Werndl, Erich"]
[Black "Kiss, Attila"]
[Result "1-0"]
[WhiteElo "2105"]
[BlackElo "2340"]

1.e4 d6 2.d4 Nf6 3.Nc3 Nbd7 4.Nf3 e5 5.Bc4 Be7 6.O-O O-O 7.h3 c6 8.a4 b6
9.Qe2 a6 10.dxe5 dxe5 11.Rd1 Qc7 12.Bg5 Bb7 13.Nh4 b5 14.Nf5 Nc5 15.axb5 axb5
16.Rxa8 Bxa8 17.Ba2 Rd8 18.Qf3 Kf8 19.Nxe7 Qxe7 20.Rxd8+ Qxd8 21.Bxf6 Qxf6
22.Qe3 Nd7 23.Nxb5 c5 24.Qd3 Nb6 25.Qd6+ Qxd6 26.Nxd6 f6 27.f3 Bc6 28.Nc4 Nc8
29.Kf2 Ke7 30.Ke3 Bb5 31.Bb3 Na7 32.c3 Nc6 33.Nb6 Na5 34.Ba4 Bxa4 35.Nxa4 c4
36.Nb6 Kd6 37.Nd5 Nb3 38.Ke2 Nc1+ 39.Kd2 Nb3+ 40.Ke2 Nc1+ 41.Kd2 Nb3+ 42.Kc2 Na1+
43.Kd1 Nb3 44.Ne3 Na5 45.Nf5+ Kd7 46.Nxg7 Nb7 47.Nf5 Na5 48.Ne3 Kd6 49.Ke2 Ke6
50.Kd1  1-0

[Event "Saitek US Masters"]
[Site "Hawaii"]
[Date "1998.07.28"]
[Round "8"]
[White "Kobese, Watu"]
[Black "Schiller, Eric"]
[Result "1-0"]
[WhiteElo "2415"]
[BlackElo "2190"]

1.e4 d6 2.d4 Nf6 3.Nc3 Nbd7 4.Nf3 e5 5.g3 Be7 6.Bg2 O-O 7.O-O c6 8.a4 Qc7
9.h3 Rd8 10.Re1 Nf8 11.d5 Ng6 12.a5 Bd7 13.Be3 c5 14.Nd2 b5 15.axb6 axb6
16.Qe2 Qb7 17.Nb5 Rxa1 18.Rxa1 Ra8 19.Rb1 Ne8 20.b4 Qc8 21.bxc5 bxc5 22.Kh2 Nc7
23.Nxc7 Qxc7 24.Qd3 h6 25.Qb3 Bf8 26.Bf1 Qc8 27.Nc4 Qd8 28.Qb6 f5 29.Nxd6 f4
30.Bxc5 fxg3+ 31.fxg3 Qg5 32.Be3 Qh5 33.Nf5 Nf4 34.gxf4 Ra2 35.Rc1 Ra3 36.Ng3 Qh4
37.fxe5 Be7 38.e6 Be8 39.Bd3 Bg5 40.Qb8 Bxe3 41.Qxe8+ Kh7 42.c3 Ra2+ 43.Rc2 Bg1+
44.Kg2  1-0

[Event "Oberwart op"]
[Site "Oberwart"]
[Date "1998.07.28"]
[Round "4"]
[White "Lakos, Nikoletta"]
[Black "Ruck, Robert"]
[Result "1/2-1/2"]
[WhiteElo "2385"]
[BlackElo "2485"]

1.e4 d6 2.d4 Nf6 3.Nc3 Nbd7 4.Nf3 e5 5.g3 c6 6.a4 b6 7.Bg5 Be7 8.d5 cxd5
9.Nxd5 O-O 10.Bc4 Nxd5 11.Bxd5 Rb8 12.Bxe7 Qxe7 13.O-O Nf6 14.Re1 Nxd5 15.Qxd5 Bb7
16.Qd3 g6 17.c4 f5 18.Nd2 Rbd8 19.f3 fxe4 20.fxe4 Qc7 21.Kg2 Qc5 22.Rf1 Rd7
23.Rxf8+ Kxf8 24.Rf1+ Rf7 25.Nb1 Qb4 26.b3 a6 27.Nc3 Rxf1 28.Kxf1 Ke7 29.Nd5+ Bxd5
30.cxd5 b5 31.axb5 axb5 32.Qe3 Kf6 33.Kf2 Kg7 34.Qa7+ Kh6 35.Qe3+ Kg7 36.Qa7+ Kh6
37.Qe3+ Kg7  1/2-1/2

[Event "Stockholm op (Women)"]
[Site "Stockholm"]
[Date "1998.08.01"]
[Round "1"]
[White "Horn, Emilia"]
[Black "Agrest, Svetlana"]
[Result "0-1"]
[WhiteElo "2035"]
[BlackElo "2185"]

1.e4 d6 2.d4 Nf6 3.Nc3 e5 4.Nf3 Nbd7 5.Bc4 Be7 6.O-O O-O 7.h3 c6 8.dxe5 dxe5
9.a4 h6 10.Qe2 a5 11.Be3 Qc7 12.Rfd1 Re8 13.Nd2 Nf8 14.Qf3 Be6 15.Ne2 Rad8
16.Ng3 Rxd2 17.Bxd2 Bxc4 18.Nf5 b6 19.Be3 c5 20.Kh2 Ng6 21.g4 Nf4 22.Re1 Ne6
23.b3 Ba6 24.c3 Bb7 25.Bd2 Nf4 26.Rad1 Bf8 27.Ng3 Bc8 28.Bxf4 exf4 29.Nf1 Bb7
30.Nd2 Qe5 31.Nc4 Qg5 32.Nd6 Bxd6 33.Rxd6 Bxe4 34.Qd1 Qh4 35.Rd2 f3 36.Rg1 Bb7
37.Rg3 Qg5 38.Rd8 Nxg4+ 39.Rxg4 Qxd8 40.Qg1 Qf6  0-1

[Event "MK Cafe Cup-A"]
[Site "Koszalin"]
[Date "1998.08.04"]
[Round "2"]
[White "Khenkin, Igor"]
[Black "Urban, Klaudiusz"]
[Result "1-0"]
[WhiteElo "2600"]
[BlackElo "2485"]

1.d4 d6 2.e4 Nf6 3.Nc3 e5 4.dxe5 dxe5 5.Qxd8+ Kxd8 6.Bg5 Be6 7.g3 Bb4 8.O-O-O+ Kc8
9.Bxf6 gxf6 10.Nd5 Bxd5 11.exd5 Bc5 12.Rd2 Nd7 13.Bh3 Kd8 14.Bxd7 Kxd7 15.Nf3 Rae8
16.Re2 h5 17.Nh4 c6 18.Rd1 cxd5 19.Rxd5+ Kc6 20.Rd3 e4 21.Rc3 a5 22.a3 Kb5
23.a4+ Kc6 24.Rc4 Kd5 25.b3 Re5 26.c3 e3 27.f3 Ke6 28.Ng2 Rd8 29.f4 Red5
30.Nxe3 Bxe3+ 31.Rxe3+ Kf5 32.Re2 Rd1+ 33.Kc2 Ra1 34.Rc5+ Kg4 35.Kb2 Rdd1
36.Rxa5 Rdb1+ 37.Kc2 Ra2+ 38.Kxb1 Rxe2 39.Ra8 Rxh2 40.Rg8+ Kf3 41.a5 Rd2
42.b4 f5 43.Rg7 Rg2 44.Rxf7 Rxg3 45.Rxb7 Kxf4 46.Ka2 Rg6 47.b5  1-0

[Event "North Bay op"]
[Site "North Bay"]
[Date "1998.08.06"]
[Round "4"]
[White "Friedman, Josef"]
[Black "Betaneli, Aleksandr"]
[Result "1-0"]
[WhiteElo "2195"]
[BlackElo "2340"]

1.e4 d6 2.d4 Nf6 3.Nc3 e5 4.Nf3 Nbd7 5.Bc4 Be7 6.O-O O-O 7.b3 c6 8.a4 b6
9.Bb2 Bb7 10.dxe5 dxe5 11.Qe2 a6 12.Rfd1 Qc7 13.Nb1 b5 14.Bd3 Bc5 15.Nh4 g6
16.Nd2 Rfe8 17.Nf1 Nf8 18.Ne3 Ne6 19.Ng4 Nxg4 20.Qxg4 Ng7 21.Bf1 Bc8 22.Qg5 Be7
23.Qh6 Bg4 24.Rd3 Rad8 25.Nf3 Rxd3 26.Bxe5 Bf8 27.Ng5 Rh3 28.gxh3 f6  1-0

[Event "BCF-ch"]
[Site "Torquay"]
[Date "1998.08.07"]
[Round "11"]
[White "Gormally, Daniel"]
[Black "Summerscale, Aaron"]
[Result "1/2-1/2"]
[WhiteElo "2415"]
[BlackElo "2440"]

1.e4 d6 2.d4 Nf6 3.Nc3 c6 4.Bg5 Qb6 5.Rb1 Nbd7 6.Nf3 h6 7.Bxf6 Nxf6 8.Be2 Bg4
9.O-O e6 10.d5 e5 11.Nd2 Bxe2 12.Qxe2 cxd5 13.Nxd5 Nxd5 14.exd5 Be7 15.Nc4 Qc5
16.Ne3 Bg5 17.Nf5 O-O 18.h4 Bf6 19.c4 g6 20.b4 Qc7 21.Nxh6+ Kg7 22.Ng4 Bxh4
23.c5 Rae8 24.Ne3 Be7 25.Nc4 dxc5 26.Rfd1 Bd6 27.Nxd6 Qxd6 28.bxc5 Qxc5 29.Rxb7 Re7
30.Rxe7 Qxe7 31.d6 Qe6 32.d7 Rd8 33.Qb5 a6 34.Qb7 Qg4 35.Qd5 Qe6 36.Qb7 Qg4
37.f3 Qa4 38.Qd5 Qf4 39.Qc5 Qf6 40.Rd6 Qg5 41.Rd1 Qf6 42.a4 Qe6 43.Qc7 Qe7
44.a5 g5 45.Rd5 f6 46.Rd6 e4 47.Re6 Qxe6 48.Qxd8 exf3 49.Qe8 Qg4 50.Qe7+ Kg6
51.Qxf6+ Kxf6 52.d8=Q+ Ke5 53.Qb8+ Ke4 54.Qb4+ Kf5 55.Qf8+ Ke5 56.Qc5+ Kf6  1/2-1/2

[Event "Budapest FS08 IM-B"]
[Site "Budapest"]
[Date "1998.08.08"]
[Round "8"]
[White "Ganguly, Surya Shekhar"]
[Black "Stjazhkin, V."]
[Result "1-0"]
[WhiteElo "2300"]
[BlackElo "2390"]

1.e4 d6 2.d4 Nf6 3.Nc3 e5 4.Nf3 exd4 5.Nxd4 g6 6.Bg5 h6 7.Bxf6 Qxf6 8.Nd5 Qd8
9.Nb5 Na6 10.Qd4 c6 11.Qxh8 cxd5 12.O-O-O Nc7 13.exd5 Kd7 14.g3 Nxb5 15.Bxb5+ Kc7
16.Rhe1 Bd7 17.Qc3+ Kb6 18.Bxd7 Qxd7 19.Qd4+ Kc7 20.Qc3+ Kb6 21.Re4 a5 22.Rde1 h5
23.Qe3+ Ka6 24.Re8 Rc8 25.Rxc8 Qxc8 26.Qe8 Bh6+ 27.f4 Qc5 28.Qa8+ Kb6 29.Qh8 Qf2
30.Rd1 Qe3+ 31.Kb1 Qe2 32.Rc1  1-0

[Event "MK Cafe Cup-A"]
[Site "Koszalin"]
[Date "1998.08.08"]
[Round "6"]
[White "Nisipeanu, Liviu Dieter"]
[Black "Izeta Txabarri, Felix"]
[Result "1-0"]
[WhiteElo "2575"]
[BlackElo "2445"]

1.e4 d6 2.d4 Nf6 3.Nc3 c6 4.h3 e5 5.dxe5 dxe5 6.Qxd8+ Kxd8 7.Bc4 Bb4 8.Nf3 Nbd7
9.Ng5 Ke7 10.Nxf7 b5 11.Bb3 c5 12.Nxh8 c4 13.Bd2 Bxc3 14.Bxc3 cxb3 15.Bb4+ Ke6
16.axb3 Bb7 17.f3 a6 18.O-O Rxh8 19.Rfd1 Rc8 20.Rd6+ Kf7 21.Rad1 Nb8 22.Bc3 Re8
23.Rb6 Ba8 24.g4 Nfd7 25.Rbd6 Nf8 26.Rd8 Nc6 27.Rxe8 Kxe8 28.b4 Ne6 29.Kf2 Ke7
30.Bd2 Bb7 31.h4 h6 32.h5 Ncd4 33.c3 Nb3 34.Be3 a5 35.bxa5 Nxa5 36.Ra1 Nc6
37.b4 Bc8 38.Rd1 Bd7 39.Rd5 Nc7 40.Bc5+ Ke8 41.Rd6 Ne6 42.Be3 Ke7 43.Rd5 Nc7
44.Rc5 Kd6 45.Kg3 Be6 46.f4 Bc4 47.f5 Nd8 48.g5 hxg5 49.Bxg5 Nb7 50.Be7+ Kd7
51.Rxe5  1-0

[Event "North Bay op"]
[Site "North Bay"]
[Date "1998.08.08"]
[Round "8"]
[White "Johnstone, Glenn"]
[Black "Betaneli, Aleksandr"]
[Result "1-0"]
[WhiteElo "2265"]
[BlackElo "2340"]

1.e4 d6 2.d4 Nf6 3.Nc3 e5 4.dxe5 dxe5 5.Qxd8+ Kxd8 6.Bg5 Be6 7.O-O-O+ Nd7
8.Nf3 Kc8 9.Bd3 Ng4 10.Bh4 f6 11.h3 Nh6 12.Nd2 Bb4 13.Ndb1 c6 14.a3 Be7 15.Nd2 b5
16.f3 Kc7 17.Bf2 a5 18.Ncb1 Bc5 19.Bxc5 Nxc5 20.Nf1 Rhd8 21.Be2 Rxd1+ 22.Bxd1 b4
23.Ne3 b3 24.Be2 bxc2 25.Kxc2 Bb3+ 26.Kc1 Rd8 27.Nd2 a4 28.Bc4 Nd3+ 29.Bxd3 Rxd3
30.Nxb3 Rxb3 31.Nc4 Rb5 32.Kc2 Nf7 33.Rd1 Nd8 34.Kb1 Ne6 35.Ne3 h5 36.Nf5 g6
37.Nd6 Rb8 38.Nc4 Nd4 39.Rd2 Rb3 40.f4 Nb5 41.fxe5 fxe5 42.Nxe5 Nxa3+ 43.Kc1 Rb5
44.Nxg6 Nc4 45.Rc2 Ne3 46.Re2 Rc5+ 47.Kb1 Nc4 48.e5 Rb5 49.Ka2 Kd8 50.e6 Rg5
51.e7+ Ke8 52.Re6 Rxg2 53.Rxc6 Rxb2+ 54.Ka1 Re2 55.Rxc4 Kf7 56.Rc8 a3 57.Rf8+  1-0

[Event "MK Cafe Cup-A"]
[Site "Koszalin"]
[Date "1998.08.09"]
[Round "7"]
[White "Kaminski, Marcin"]
[Black "Murdzia, Piotr"]
[Result "1/2-1/2"]
[WhiteElo "2530"]
[BlackElo "2405"]

1.e4 d6 2.d4 Nf6 3.Nc3 e5 4.Nf3 Nbd7 5.Bc4 Be7 6.O-O O-O 7.a4 c6 8.h3 b6
9.d5 cxd5 10.exd5 Bb7 11.Re1 Re8 12.b3 Bf8 13.Ba3 a6 14.Qe2 g6 15.Rad1 Qc7
16.Ng5 Bg7 17.Nge4  1/2-1/2

[Event "Hampstead GM3"]
[Site "Hampstead"]
[Date "1998.08.11"]
[Round "2"]
[White "Kaufman, Larry C"]
[Black "Houska, Miroslav"]
[Result "1/2-1/2"]
[WhiteElo "2400"]
[BlackElo "2375"]

1.e4 d6 2.d4 Nf6 3.Nc3 e5 4.dxe5 dxe5 5.Qxd8+ Kxd8 6.Bc4 Be6 7.Bxe6 fxe6
8.Nf3 Bd6 9.Be3 Nc6 10.O-O-O Ke7 11.Rd3 h6 12.h3 Rhb8 13.Nh2 b5 14.f3 Nd7
15.Rhd1 a5 16.Ng4 a4 17.Kb1 Ra5 18.Bf2 b4 19.Ne2 b3 20.cxb3 Nb4 21.Bh4+ Ke8
22.Be1 Nxd3 23.Bxa5 N7c5 24.Nc1 axb3 25.Rxd3 bxa2+ 26.Ka1 Nxd3 27.Nxd3 h5
28.Ngxe5 Bxe5 29.Nxe5 Rd8 30.Kxa2 Rd1 31.Bxc7 Rg1 32.g4 Rc1 33.Bd6 Rd1 34.Bc5 h4
35.b4 Rh1 36.b5 Rxh3 37.b6 Kd8 38.Bd6 Kc8 39.Bc7 Rh1 40.Nc4 Rc1 41.Kb3 h3
42.g5 Rb1+ 43.Kc3 Rxb6 44.Be5 Rb1 45.Ne3 Ra1 46.Ng4 Ra3+ 47.Kd2 Rxf3 48.Ke2 Ra3
49.Kf2 g6 50.Bh2 Ra5  1/2-1/2

[Event "MK Cafe Cup-A"]
[Site "Koszalin"]
[Date "1998.08.11"]
[Round "9"]
[White "Prokopchuk, Evgeny"]
[Black "Murdzia, Piotr"]
[Result "1/2-1/2"]
[WhiteElo "2495"]
[BlackElo "2405"]

1.e4 d6 2.d4 Nf6 3.Nc3 e5 4.Nf3 Nbd7 5.Bc4 Be7 6.O-O O-O 7.a4 c6 8.Ba2 b6
9.Re1 Bb7 10.d5 Rc8 11.dxc6 Bxc6 12.Bg5 h6 13.Bxf6 Nxf6 14.Qd3 g6 15.Rad1 Qc7
16.Nd2 Rfd8 17.Nf1 Kg7 18.Ne3 h5 19.Bc4 Bf8 20.b3 Kg8 21.Ba6 Rb8 22.Qc4 Qd7
23.Bb5 Bxb5 24.axb5 Rbc8 25.Qd3 Rc5 26.b4 Rcc8 27.Ned5 Ne8 28.Ra1 f5 29.Ra6 Qf7
30.Rea1 Rd7 31.f3 Bh6 32.Ne2 Ng7 33.g3 Ne6 34.Rf1 Kh8 35.Ra3 Rf8 36.f4 exf4
37.Nexf4 Bxf4 38.Nxf4 Nxf4 39.Rxf4 Qe6 40.exf5 Rxf5 41.Rxf5 gxf5 42.Qd4+ Qe5
43.Rd3 Rc7 44.c3 Qxd4+ 45.Rxd4 Rxc3 46.Rxd6 f4 47.Rh6+ Kg7 48.Rxh5 fxg3 49.Rg5+ Kh6
50.Rxg3 Rc4 51.Rb3 Rf4  1/2-1/2

[Event "Energy Cup"]
[Site "Olomouc"]
[Date "1998.08.11"]
[Round "4"]
[White "Helbich, Jan"]
[Black "Krajnak, Martin"]
[Result "0-1"]
[WhiteElo "2250"]
[BlackElo "2305"]

1.e4 d6 2.d4 Nf6 3.Nc3 c6 4.f4 Qa5 5.Bd3 e5 6.Nf3 Bg4 7.Be3 Nbd7 8.O-O Be7
9.h3 Bxf3 10.Qxf3 O-O 11.Ne2 Ne8 12.Ng3 g6 13.fxe5 dxe5 14.Bh6 Ng7 15.Bxg7 Kxg7
16.Qg4 Qd8 17.Nf5+ Kh8 18.Nxe7 Qxe7 19.c3 exd4 20.cxd4 f5 21.Qe2 fxe4 22.Qxe4 Qxe4
23.Bxe4 Nf6 24.Bf3 Rad8 25.Rad1 Kg7 26.Rd3 Rfe8 27.Rc1 Re7 28.a4 Nd5 29.a5 a6
30.Rc4 Nc7 31.Kf2 Kf6 32.h4 h6 33.Bg4 Nd5 34.Rb3 h5 35.Bf3 Kf7 36.Rc5 Nf4
37.Rc4 Nd5 38.g3 Rd6 39.Kg2 Ne3+  0-1

[Event "ESP-ch"]
[Site "Linares"]
[Date "1998.08.12"]
[Round "1"]
[White "Martos Exposito, Manuel"]
[Black "Izeta Txabarri, Felix"]
[Result "0-1"]
[WhiteElo "2125"]
[BlackElo "2445"]

1.e4 d6 2.d4 Nf6 3.Nc3 c6 4.f3 g6 5.Be3 b5 6.Qd2 Nbd7 7.a4 b4 8.Nd1 a5 9.c3 bxc3
10.bxc3 Bg7 11.Ne2 Ba6 12.Bh6 O-O 13.Bxg7 Kxg7 14.Ng3 Bxf1 15.Kxf1 e5 16.h4 h5
17.Qg5 Kh7 18.Ne3 Rg8 19.Kf2 Rb8 20.Rhb1 Qc7 21.Ne2 exd4 22.cxd4 Rb4 23.Rxb4 axb4
24.g4 c5 25.Rg1 cxd4 26.Nxd4 Qa7 27.Ne2 hxg4 28.Ng3 Qd4 29.Ne2 Qc5 30.Ke1 gxf3
31.Ng3 Qc1+ 32.Kf2 Qd2+  0-1

[Event "ARG-ch97"]
[Site "Villa Martelli"]
[Date "1998.08.14"]
[Round "8"]
[White "Fiorito, Fabian"]
[Black "Tempone, Marcelo"]
[Result "1-0"]
[WhiteElo "2425"]
[BlackElo "2450"]

1.e4 d6 2.d4 Nf6 3.Nc3 e5 4.Nf3 Nbd7 5.Bc4 Be7 6.O-O O-O 7.Re1 c6 8.a4 b6
9.b3 a6 10.Bb2 Bb7 11.Bd3 Re8 12.Ne2 d5 13.Ng3 dxe4 14.Nxe4 exd4 15.Nxd4 Bf8
16.Nf5 Nxe4 17.Bxe4 Ne5 18.Qh5 Ng6 19.Re3 Rxe4 20.Rxe4 c5 21.Rg4 Qd2 22.Rf1 Qxc2
23.Nh6+ Kh8 24.Nxf7+ Kg8 25.Ng5 h6 26.Ne6 Qxb2 27.Qxg6 Bc8 28.Rf4 Bd6 29.Qe8+ Kh7
30.Nf8+ Kg8 31.Qf7+  1-0

[Event "Harplinge"]
[Site "Harplinge"]
[Date "1998.08.15"]
[Round "1"]
[White "Wedberg, Tom"]
[Black "Schmaltz, Roland"]
[Result "1-0"]
[WhiteElo "2475"]
[BlackElo "2520"]

1.e4 d6 2.d4 Nf6 3.Nc3 Nbd7 4.Nf3 e5 5.Bc4 Be7 6.O-O O-O 7.Re1 a6 8.a4 b6
9.b3 Bb7 10.Ba3 c6 11.d5 c5 12.Bc1 Ne8 13.Be3 g6 14.Qd2 Ng7 15.Ng5 Nf6 16.h3 Bc8
17.Rab1 Kh8 18.b4 Nfh5 19.bxc5 bxc5 20.Nf3 f5 21.Bh6 fxe4 22.Nh2 Rf7 23.Nxe4 Nf5
24.Bg5 Nf6 25.Bxf6+ Bxf6 26.Nxf6 Rxf6 27.a5 Ng7 28.Rb6 Rf4 29.Qe2 Nf5 30.c3 Ne7
31.Nf3 Ng8 32.Nd2 Nf6 33.Ra1 Qc7 34.Rc6 Qe7 35.Rb1 Bf5 36.Rbb6 Ne4 37.Nxe4 Rxe4
38.Qf1 Bxh3 39.gxh3 Qg5+ 40.Kh1 Qh4 41.Bxa6 Rf4 42.Kg1 e4 43.Rc8+ Rxc8 44.Bxc8 e3
45.Rb2 Qd8 46.Be6 Qxa5 47.Qe1  1-0

[Event "Dresden op"]
[Site "Dresden"]
[Date "1998.08.16"]
[Round "1"]
[White "Maiwald, Jens Uwe"]
[Black "Pribyl, Josef"]
[Result "1/2-1/2"]
[WhiteElo "2425"]
[BlackElo "2430"]

1.e4 d6 2.d4 Nf6 3.Nc3 e5 4.Nf3 Nbd7 5.Bc4 Be7 6.O-O O-O 7.a4 c6 8.Ba2 Qc7
9.Qe2 b6 10.Rd1 Bb7 11.Nh4 exd4 12.Rxd4 Nc5 13.Nf5 Ne6 14.Rd1 Rad8 15.Qf3 d5
16.exd5 Nxd5 17.Nxd5 cxd5 18.Bxd5 Rxd5 19.Rxd5 Bf6 20.c3 Bxd5 21.Qxd5 Rd8
22.Qf3 Bxc3 23.g3  1/2-1/2

[Event "Energy Cup"]
[Site "Olomouc"]
[Date "1998.08.16"]
[Round "9"]
[White "Simacek, Pavel"]
[Black "Ptacnikova, Lenka"]
[Result "1-0"]
[WhiteElo "2350"]
[BlackElo "2260"]

1.e4 d6 2.d4 Nf6 3.Nc3 e5 4.Nf3 Nbd7 5.Bc4 Be7 6.O-O O-O 7.h3 c6 8.a4 b6
9.Qe2 a6 10.Rd1 Qc7 11.Bb3 Rb8 12.Bg5 h6 13.Bh4 Kh7 14.Bg3 Ne8 15.Rd2 g6
16.Rad1 Ng7 17.dxe5 Nxe5 18.Rxd6 Bxd6 19.Rxd6 Nxf3+ 20.Qxf3 Nh5 21.Bh2 Rb7
22.Rxg6 Qxh2+ 23.Kxh2 Kxg6 24.e5  1-0

[Event "Energy Cup"]
[Site "Olomouc"]
[Date "1998.08.16"]
[Round "9"]
[White "Medunova, Vera"]
[Black "Orsag, Milan"]
[Result "0-1"]
[WhiteElo "2175"]
[BlackElo "2405"]

1.e4 d6 2.d4 Nf6 3.Nc3 e5 4.Nf3 Nbd7 5.Bc4 Be7 6.O-O O-O 7.Re1 a6 8.a4 b6
9.d5 Ne8 10.Qe2 g6 11.Bh6 Ng7 12.Qd2 Kh8 13.Ng5 Nf6 14.Na2 Ng8 15.Bxg7+ Kxg7
16.Nf3 Bg4 17.Nb4 Bxf3 18.gxf3 Bg5 19.Qe2 a5 20.Nd3 Nf6 21.Kh1 Nh5 22.Bb5 Bf4
23.Qf1 Qe7 24.Qh3 Rad8 25.Red1 f5 26.Ra3 Rf6 27.Rc3 Qf7 28.Rg1 Kh8 29.Qf1 Bd2
30.Rc6 fxe4 31.fxe4 Rf8 32.Qe2 Bb4 33.Rf1 Rf3 34.c3 Bc5 35.Kg1 Qe7 36.b4 axb4
37.cxb4 Bd4 38.Kg2 Rxd3 39.Qxd3 Nf4+  0-1

[Event "Wch (Women) U26"]
[Site "Rotterdam"]
[Date "1998.08.17"]
[Round "6"]
[White "Qin Kanying"]
[Black "Lendvai, Edit"]
[Result "1-0"]
[WhiteElo "2380"]
[BlackElo "2140"]

1.e4 d6 2.d4 Nf6 3.Nc3 Nbd7 4.f4 e5 5.Nf3 c6 6.a4 g6 7.Bd3 exd4 8.Nxd4 Bg7
9.Nf3 O-O 10.O-O Re8 11.Ng5 h6 12.Nh3 Nc5 13.Nf2 b6 14.Qf3 Nxd3 15.cxd3 Bb7
16.f5 g5 17.h4 Nd7 18.hxg5 hxg5 19.Qh5 f6 20.d4 Qe7 21.Bd2 Qf7 22.Qh2 Qf8
23.Rfe1 Kf7 24.Ng4 Qe7 25.Qh5+ Kg8 26.Re3 c5 27.e5 cxd4 28.exf6 Qf7 29.Rxe8+ Rxe8
30.Qxf7+ Kxf7 31.fxg7 dxc3 32.Bxc3 Ne5 33.Bxe5 dxe5 34.Rc1 Rc8 35.Rd1 Bc6
36.f6 Bxa4 37.Rd3 Bb5 38.Rd5 Bc4 39.Nxe5+ Kxf6 40.Nxc4 Kxg7 41.Rxg5+ Kf6
42.Rg4 b5 43.Ne3  1-0

[Event "GER-ENG (Women)"]
[Site "Dresden"]
[Date "1998.08.18"]
[Round "3"]
[White "Lalic, Susan"]
[Black "Nill, Jessica"]
[Result "1-0"]
[WhiteElo "2350"]
[BlackElo "2200"]

1.e4 d6 2.d4 Nf6 3.Nc3 c6 4.f4 Qa5 5.e5 Ne4 6.Qf3 Nxc3 7.Bd2 Bf5 8.Bd3 Bxd3
9.cxd3 Qd5 10.bxc3 Qxf3 11.Nxf3 e6 12.Ke2 Nd7 13.Rhb1 b6 14.a4 Be7 15.c4 O-O
16.Ra2 Rfc8 17.a5 h6 18.Rba1 b5 19.cxb5 cxb5 20.Bb4 Rc6 21.d5 Ra6 22.dxe6 fxe6
23.Rc1 Bf8 24.Rc7 dxe5 25.Bxf8 Nxf8 26.Nxe5 Nh7 27.Rb7 Nf6 28.Rxb5 Nd5 29.Rc2 Nxf4+
30.Kd2 Nd5 31.Rc6 Rxc6 32.Nxc6 a6 33.Rb8+ Rxb8 34.Nxb8 Kf7 35.Nxa6 Ke7 36.Nc5 Kd6
37.d4 Nc7 38.Kd3 Kd5 39.Ne4 e5 40.Nc3+ Kd6 41.dxe5+ Kxe5 42.Kc4 Ke6 43.Kc5 Kd7
44.Kb6 Kc8 45.a6 g5 46.a7 g4 47.Kc6  1-0

[Event "Wch (Women) U26"]
[Site "Rotterdam"]
[Date "1998.08.18"]
[Round "7"]
[White "Llaneza Vega, Patricia"]
[Black "Lendvai, Edit"]
[Result "1-0"]
[WhiteElo "2075"]
[BlackElo "2140"]

1.e4 d6 2.d4 Nf6 3.Nc3 Nbd7 4.Be3 e5 5.f3 c6 6.Qd2 Be7 7.g4 O-O 8.Nge2 b5
9.O-O-O b4 10.Nb1 Qa5 11.Ng3 Nb6 12.Bg5 exd4 13.Nf5 Bxf5 14.gxf5 Rfe8 15.Rg1 Nfd7
16.Bxe7 Rxe7 17.Qxd4 Qe5 18.Qxd6 f6 19.Qxb4 Rb8 20.Qd6 Na4 21.Qxe5 Nxe5 22.b3 Nc5
23.Be2 a5 24.Nc3 a4 25.Rd6 axb3 26.cxb3 Kf8 27.Rgd1 Nb7 28.Re6 Nc5 29.Rxe7 Kxe7
30.f4 Nf7 31.Rd4 Nd6 32.b4 Nd7 33.a4 c5 34.bxc5 Nxc5 35.Kc2 Rc8 36.Bd3 Nxd3
37.Kxd3 Rc5 38.Rb4 Kd7 39.Kd4 Ra5 40.h4 Kc6 41.h5 h6 42.Nb5 Nf7 43.Rc4+ Kb6
44.Kd5  1-0

[Event "Wch (Women) U26"]
[Site "Rotterdam"]
[Date "1998.08.19"]
[Round "8"]
[White "Lomineishvili, Maia"]
[Black "Wang Pin"]
[Result "1/2-1/2"]
[WhiteElo "2350"]
[BlackElo "2450"]

1.d4 d6 2.e4 Nf6 3.Nc3 c6 4.f4 Qa5 5.Bd3 e5 6.Nf3 Bg4 7.Be3 Nbd7 8.O-O Be7
9.h3 Bh5 10.Ne2 exf4 11.Bxf4 Bg6 12.Ng3 O-O 13.Nh4 Rfe8 14.Nhf5 Qb6 15.Kh1 c5
16.e5 Nd5 17.Nxe7+ Rxe7 18.Bxg6 hxg6 19.exd6 Re6 20.Qf3 Nxf4 21.Qxf4 Rf6
22.Qg4 Rxf1+ 23.Rxf1 Qxd6 24.Ne4 Qxd4 25.Rd1 Nf6 26.Rxd4 Nxg4 27.Nxc5 b6
28.Rxg4 bxc5 29.Ra4 Rd8 30.Rxa7 Rd2 31.Ra8+ Kh7 32.Rc8 Rxc2 33.b4 Rxa2 34.bxc5 g5  1/2-1/2

[Event "Dresden op"]
[Site "Dresden"]
[Date "1998.08.20"]
[Round "5"]
[White "Cladouras, Panagiotis"]
[Black "Chekhov, Valery A"]
[Result "1/2-1/2"]
[WhiteElo "2360"]
[BlackElo "2525"]

1.e4 d6 2.d4 Nf6 3.Nc3 c6 4.Nf3 Bg4 5.Be3 e6 6.Qd2 d5 7.Ne5 dxe4 8.h3 Bf5
9.g4 Bg6 10.h4 h6 11.Nxg6 fxg6 12.g5 hxg5 13.Bxg5 Bb4 14.Bc4 Qd6 15.a3 Bxc3
16.Qxc3 Nbd7 17.Qh3 e5 18.O-O-O exd4 19.Rxd4 Qxd4 20.Qe6+ Kd8 21.Rd1 Qxd1+
22.Kxd1 Re8 23.Qd6 Re7 24.Ke2 Ke8  1/2-1/2

[Event "Hampstead GM3"]
[Site "Hampstead"]
[Date "1998.08.20"]
[Round "10"]
[White "Kaufman, Raymond"]
[Black "Houska, Miroslav"]
[Result "0-1"]
[WhiteElo "2230"]
[BlackElo "2375"]

1.e4 d6 2.d4 Nf6 3.Nc3 Nbd7 4.Nf3 e5 5.dxe5 dxe5 6.Bc4 Be7 7.Ng5 O-O 8.Bxf7+ Rxf7
9.Ne6 Qe8 10.Nxc7 Qd8 11.Nxa8 b6 12.Nd5 Bd6 13.Nxf6+ Nxf6 14.Be3 Bb7 15.Nxb6 axb6
16.f3 Ba6 17.Qd2 Rd7 18.O-O-O Bc4 19.Kb1 Bc5 20.Qc1 Qa8 21.a3 Be7 22.Rxd7 Nxd7
23.Rd1 Be6 24.Rd3 Qa6 25.c4 Nc5 26.Bxc5 Bxc5 27.Rd8+ Bf8 28.b3 Kf7 29.Qg5 Qxa3
30.Qxe5 Qxb3+ 31.Qb2 Qe3 32.Qb5 Qg1+ 33.Kb2 Qxg2+ 34.Kb1 Qf1+ 35.Kb2 Qe2+
36.Kb1 Qe1+ 37.Kc2 Qe2+ 38.Kb1 Qe1+ 39.Kb2 Be7 40.Qh5+ Kf6 41.Qe8 Bxd8 42.Qxd8+ Kg6
43.Qxb6 Qe2+ 44.Kb1 Qxc4  0-1